NFL Football Player Nicknames - Statistics

General Stats
  • This quiz has been taken 28,628 times
    5,090 since last reset
  • The average score is 13 of 22
Answer Stats
Nickname Player % Correct
Big Ben Ben Roethlisberger
86%
Megatron Calvin Johnson
86%
Prime Time Deion Sanders
85%
CMC Christian McCaffrey
80%
Mean Joe Joe Greene
79%
Beast Mode Marshawn Lynch
79%
Broadway Joe Joe Namath
71%
Joe Cool Joe Montana
70%
The Bus Jerome Bettis
69%
The Juice O. J. Simpson
66%
Sweetness Walter Payton
64%
The Refrigerator William Perry
64%
Too Tall Ed Jones
63%
Night Train Dick Lane
60%
Shady LeSean McCoy
49%
The Sheriff Peyton Manning
44%
The Minister of Defense Reggie White
39%
All Day Adrian Peterson
36%
The Nigerian Nightmare Christian Okoye
31%
Muscle Hamster Doug Martin
21%
Crazylegs Elroy Hirsch
15%
Diesel John Riggins
9%
No matching quizzes found
Score Distribution
Percent of People with Each Score
Percentile by Number Answered
Your Score History
You have not taken this quiz since the last reset